000 00651nam a2200241Ia 4500
003 OSt
005 20220918195329.0
006 a|||||r|||| 00| 0
007 ta
008 220917b |||||||| |||| 00| 0 eng d
024 _a84,615
037 _cTextual
040 _aARTS
_cARTS
_beng
041 _2eng
_aeng
082 _aSM951, G2;M9
100 _aKiein Melanie Ed 3
_990055
245 0 _aPsycho-analysis of children
260 _c1932
490 _aInternational psychoanalytical library ed by Ernest Jones 22.
650 _aPSYCHOLOGY
942 _hSM951, G2;M9
_cTEXL
_2CC
999 _c208329
_d208329